[Event "MCRE_SF08"]
[Site "?"]
[Date "2006.??.??"]
[Round "1"]
[White "Kuchta, Jiri"]
[Black "Krejci, Jan"]
[Result "1-0"]
[WhiteElo "2240"]
[BlackElo "2200"]
[PlyCount "55"]
[EventDate "2006.??.??"]
[EventType "corr"]
[EventRounds "2"]
[SourceDate "2006.08.10"]

1. Nf3 c5 2. c4 Nc6 3. d4 cxd4 4. Nxd4 Nf6 5. Nc3 e6 6. Ndb5 d5 7. cxd5 Nxd5 8.
Nxd5 exd5 9. Qxd5 Bb4+ 10. Bd2 Qe7 11. a3 Bxd2+ 12. Qxd2 O-O 13. Qf4 Rd8 14. e4
Nd4 15. Rc1 Be6 16. Nxd4 Rxd4 17. Be2 Rad8 18. Rc7 Qe8 19. O-O Rd2 20. Bf3 Rxb2
21. e5 Rd7 22. Qa4 g6 23. Rxb7 Rbxb7 24. Bxb7 Qe7 25. Bc8 Rd2 26. Bxe6 Qxe6 27.
Qe4 Qa6 28. h4 1-0

[Event "MCRE_SF08"]
[Site "?"]
[Date "2006.??.??"]
[Round "2"]
[White "Krejci, Jan"]
[Black "Kuchta, Jiri"]
[Result "0-1"]
[WhiteElo "2200"]
[BlackElo "2240"]
[PlyCount "52"]
[EventDate "2006.??.??"]
[EventType "corr"]
[EventRounds "2"]
[SourceDate "2006.08.10"]

1. e4 c6 2. d4 d5 3. e5 Bf5 4. c4 dxc4 5. Bxc4 e6 6. Nc3 Nd7 7. Nge2 Nb6 8. Bb3
Ne7 9. O-O Bg6 10. Ng3 Qd7 11. f4 O-O-O 12. Be3 h5 13. h3 h4 14. Nge2 Kb8 15.
Bf2 Nbd5 16. Nxd5 Nxd5 17. Bxd5 Qxd5 18. Nc3 Qc4 19. Rc1 Be7 20. a3 Bf5 21. b4
Qa6 22. Qb3 g5 23. a4 gxf4 24. b5 cxb5 25. Nxb5 Be4 26. Rfe1 Bd5 0-1

[Event "MCRE_SF08"]
[Site "?"]
[Date "2006.??.??"]
[Round "1"]
[White "Kuchta, Jiri"]
[Black "Glaser, Karel"]
[Result "1/2-1/2"]
[WhiteElo "2240"]
[BlackElo "2159"]
[PlyCount "114"]
[EventDate "2006.??.??"]
[EventType "corr"]
[EventRounds "2"]
[SourceDate "2006.08.10"]

1. Nf3 Nf6 2. c4 e6 3. d4 d5 4. e3 dxc4 5. Bxc4 a6 6. O-O c5 7. Bb3 Nc6 8. dxc5
Qxd1 9. Rxd1 Bxc5 10. Bd2 O-O 11. Bc3 Be7 12. a4 Ne4 13. Bc2 Nxc3 14. Nxc3 Rb8
15. Rac1 Rd8 16. Rxd8+ Nxd8 17. g4 Nc6 18. Kf1 Bd7 19. Be4 Na5 20. Ke2 Rc8 21.
Rc2 g6 22. g5 f5 23. gxf6 Bxf6 24. Nd4 Bxd4 25. exd4 Rc4 26. Kd3 Rb4 27. f3 Kg7
28. Na2 Rb3+ 29. Rc3 Bxa4 30. Rxb3 Bxb3 31. Nb4 Bc4+ 32. Kc3 Bb5 33. Bd3 Bxd3
34. Nxd3 Nc6 35. Nc5 Nd8 36. Kd3 Kf6 37. Ke4 a5 38. Kd3 Kf5 39. Ke3 b5 40. Ne4
Nb7 41. Ng3+ Kf6 42. Ne4+ Ke7 43. Kd3 Nd6 44. Nc5 g5 45. b3 h6 46. d5 exd5 47.
Kd4 Kf6 48. Kxd5 Nf7 49. Kc6 a4 50. Nxa4 bxa4 51. bxa4 Ke6 52. a5 Ne5+ 53. Kc7
Kd5 54. a6 Nc6 55. Kb6 Kd6 56. h3 h5 57. Kb7 Kd7 1/2-1/2

[Event "MCRE_SF08"]
[Site "?"]
[Date "2006.??.??"]
[Round "2"]
[White "Glaser, Karel"]
[Black "Kuchta, Jiri"]
[Result "1/2-1/2"]
[WhiteElo "2159"]
[BlackElo "2240"]
[PlyCount "89"]
[EventDate "2006.??.??"]
[EventType "corr"]
[EventRounds "2"]
[SourceDate "2006.08.10"]

1. e4 c6 2. d4 d5 3. Nc3 dxe4 4. Nxe4 Nd7 5. Nf3 Ngf6 6. Nxf6+ Nxf6 7. Ne5 Bf5
8. c3 Qb6 9. Bd3 Bxd3 10. Qxd3 e6 11. O-O Qc7 12. Qg3 Nd5 13. c4 Nf6 14. Be3 h5
15. Bf4 h4 16. Qe3 Bd6 17. h3 Rh5 18. Rfe1 O-O-O 19. c5 Bxe5 20. Bxe5 Qa5 21.
Qf4 Rd7 22. Rad1 Nd5 23. Qe4 g6 24. Rd3 a6 25. Qe2 Rf5 26. Ra3 Qb4 27. Rb3 Qa5
28. Ra1 g5 29. g4 hxg3 30. fxg3 Qa4 31. Ra3 Qb4 32. Rd1 Rd8 33. Rb3 Qa4 34. Rc1
Qa5 35. Ra3 Qb4 36. Rc4 Qb5 37. Rc2 Qb4 38. Kh2 Rd7 39. g4 Rf4 40. Rg3 Qa4 41.
b3 Qa5 42. Bxf4 Nxf4 43. Qf2 Qd8 44. Rd2 e5 45. Rf3 1/2-1/2

[Event "MCRE_SF08"]
[Site "?"]
[Date "2006.??.??"]
[Round "1"]
[White "Kuchta, Jiri"]
[Black "Portych, Vaclav"]
[Result "0-1"]
[WhiteElo "2240"]
[BlackElo "2112"]
[PlyCount "74"]
[EventDate "2006.??.??"]
[EventType "corr"]
[EventRounds "2"]
[SourceDate "2006.08.10"]

1. Nf3 Nf6 2. c4 c5 3. Nc3 Nc6 4. d4 cxd4 5. Nxd4 e6 6. a3 Be7 7. e4 O-O 8.
Nxc6 dxc6 9. Bf4 Nd7 10. e5 Qa5 11. b4 Qc7 12. Qe2 a5 13. Rb1 axb4 14. axb4 Rd8
15. Qe3 c5 16. b5 Ra3 17. Rc1 Nb6 18. Be2 Na4 19. b6 Nxb6 20. O-O Rd4 21. Nb5
Rxe3 22. fxe3 Qc6 23. exd4 cxd4 24. Rcd1 Nxc4 25. Nxd4 Qc5 26. Bxc4 Qxc4 27.
Be3 Qc7 28. Rc1 Qb8 29. Rfd1 h5 30. Nb3 b5 31. Kf2 Ba6 32. Nc5 Bxc5 33. Rxc5 b4
34. Ra5 Bc4 35. Rc5 Bd5 36. Bd4 Qd8 37. g3 Qg5 0-1

[Event "MCRE_SF08"]
[Site "?"]
[Date "2006.??.??"]
[Round "2"]
[White "Portych, Vaclav"]
[Black "Kuchta, Jiri"]
[Result "1/2-1/2"]
[WhiteElo "2112"]
[BlackElo "2240"]
[PlyCount "121"]
[EventDate "2006.??.??"]
[EventType "corr"]
[EventRounds "2"]
[SourceDate "2006.08.10"]

1. c4 c5 2. Nc3 g6 3. g3 Bg7 4. Bg2 Nf6 5. Nf3 d6 6. O-O O-O 7. d4 cxd4 8. Nxd4
Qa5 9. e3 Nbd7 10. Bd2 Qb6 11. Qb3 Rd8 12. Na4 Qxb3 13. axb3 a6 14. Ba5 Re8 15.
Bc7 h5 16. b4 h4 17. gxh4 Kh7 18. Rfd1 Rh8 19. c5 d5 20. Nc3 e6 21. Bg3 Kg8 22.
Ndb5 Rh5 23. Nc7 Rb8 24. e4 Ne5 25. N7xd5 exd5 26. exd5 Bg4 27. Re1 Re8 28. c6
bxc6 29. dxc6 Bc8 30. Na4 Nd3 31. Rxe8+ Nxe8 32. Rd1 Bf5 33. Nc5 Nxc5 34. bxc5
Bf6 35. c7 Kg7 36. Bb7 Bxb2 37. Bxa6 Nxc7 38. Be2 Nb5 39. c6 Na7 40. Bxh5 gxh5
41. c7 Nc8 42. Rd8 Kf6 43. Rh8 Bg4 44. Kg2 Ke7 45. Rh7 Kf8 46. Bf4 Kg8 47. Rh6
Bg7 48. Rc6 Be6 49. Rc2 Kf8 50. Rd2 Ke7 51. Rd8 Bd7 52. Kf3 Bd4 53. Bg3 Ke6 54.
Ke4 Bg7 55. Kd3 Bb5+ 56. Kc2 Ba6 57. Kb3 Bb7 58. Kc4 Bf6 59. Kb5 Bb2 60. Rd3
Bf6 61. Rd8 1/2-1/2

[Event "MCRE_SF08"]
[Site "?"]
[Date "2006.??.??"]
[Round "1"]
[White "Kuchta, Jiri"]
[Black "Kosar, Zdenek"]
[Result "0-1"]
[WhiteElo "2240"]
[BlackElo "2082"]
[PlyCount "82"]
[EventDate "2006.??.??"]
[EventType "corr"]
[EventRounds "2"]
[SourceDate "2006.08.10"]

1. Nf3 Nf6 2. c4 c6 3. d4 d5 4. cxd5 cxd5 5. Nc3 Nc6 6. e3 a6 7. Qb3 e6 8. Bd3
b5 9. O-O Bb7 10. a3 Bd6 11. Qd1 O-O 12. b4 e5 13. dxe5 Nxe5 14. Bb2 Re8 15. h3
Nxf3+ 16. Qxf3 d4 17. Qxb7 dxc3 18. Bxc3 Nd5 19. Bd4 Re7 20. Qc6 Rc7 21. Bxb5
Rxc6 22. Bxc6 Nc3 23. Bxa8 Ne2+ 24. Kh1 Nxd4 25. Bb7 Qe7 26. Rfd1 Qe5 27. g3
Ne2 28. Kg2 Bc7 29. Re1 Nxg3 30. fxg3 Qxg3+ 31. Kf1 Qxh3+ 32. Bg2 Qf5+ 33. Kg1
Bg3 34. Re2 Qd3 35. Bf3 h5 36. Kg2 h4 37. Rc1 Bd6 38. Rc6 g5 39. Re1 h3+ 40.
Kf2 h2 41. Rf1 Qd2+ 0-1

[Event "MCRE_SF08"]
[Site "?"]
[Date "2006.??.??"]
[Round "2"]
[White "Kosar, Zdenek"]
[Black "Kuchta, Jiri"]
[Result "1/2-1/2"]
[WhiteElo "2182"]
[BlackElo "2240"]
[PlyCount "51"]
[EventDate "2006.??.??"]
[EventType "corr"]
[EventRounds "2"]
[SourceDate "2006.08.10"]

1. e4 c6 2. d4 d5 3. e5 Bf5 4. Be3 e6 5. Nd2 Nd7 6. Be2 f6 7. Ngf3 Qc7 8. O-O
fxe5 9. Nxe5 Nxe5 10. dxe5 Qxe5 11. Nf3 Qc7 12. Nd4 Nf6 13. g4 Be4 14. Nxe6 Qe7
15. Nxf8 Rxf8 16. Re1 Kf7 17. Bf1 Qd6 18. f3 Bg6 19. c4 Kg8 20. Qb3 dxc4 21.
Qxc4+ Bf7 22. Bc5 Qc7 23. Qc3 Rfe8 24. Bd4 Bd5 25. Qd2 a5 26. a3 1/2-1/2

[Event "MCRE_SF08"]
[Site "?"]
[Date "2006.??.??"]
[Round "1"]
[White "Storkan, Zdenek"]
[Black "Krejci, Jan"]
[Result "1-0"]
[WhiteElo "2224"]
[BlackElo "2200"]
[PlyCount "73"]
[EventDate "2006.??.??"]
[EventType "corr"]
[EventRounds "2"]
[SourceDate "2006.08.10"]

1. e4 e5 2. Nf3 Nc6 3. Bb5 a6 4. Ba4 Nf6 5. O-O Be7 6. Re1 b5 7. Bb3 O-O 8. c3
d5 9. exd5 Nxd5 10. Nxe5 Nxe5 11. Rxe5 c6 12. d4 Bd6 13. Re1 Qh4 14. g3 Qh3 15.
Re4 g5 16. Qf3 Bf5 17. Bc2 Bxe4 18. Bxe4 Qe6 19. Bxg5 f5 20. Bd3 h6 21. Bd2 f4
22. Qh5 Rae8 23. Na3 Qf6 24. Rf1 Re7 25. Nc2 Rg7 26. Qh3 Nc7 27. Ne1 Ne6 28.
Nf3 a5 29. a4 Ng5 30. Nxg5 Rxg5 31. Qd7 Rg7 32. Qxc6 b4 33. Qd5+ Kh8 34. Qxa5
Qh4 35. Qd5 fxg3 36. fxg3 Rd8 37. Qxd6 1-0

[Event "MCRE_SF08"]
[Site "?"]
[Date "2006.??.??"]
[Round "2"]
[White "Krejci, Jan"]
[Black "Storkan, Zdenek"]
[Result "1/2-1/2"]
[WhiteElo "2200"]
[BlackElo "2224"]
[PlyCount "67"]
[EventDate "2006.??.??"]
[EventType "corr"]
[EventRounds "2"]
[SourceDate "2006.08.10"]

1. d4 Nf6 2. c4 g6 3. Nc3 d5 4. Bg5 Ne4 5. Bh4 Bg7 6. e3 c5 7. cxd5 Nxc3 8.
bxc3 Qxd5 9. Nf3 Nc6 10. Be2 O-O 11. O-O cxd4 12. cxd4 Bf5 13. Nd2 e5 14. Bf3
e4 15. Be2 Na5 16. Qa4 Bd7 17. Qb4 Rac8 18. Nb3 Rc2 19. Bd1 Nc6 20. Qa3 Rc3 21.
Qb2 Rc4 22. Nd2 Rb4 23. Bb3 Qf5 24. Rac1 Nxd4 25. exd4 Rxd4 26. Be7 Rd3 27. Qa3
Rxd2 28. Bxf8 Bxf8 29. Qxa7 Bc6 30. Rfd1 Rd3 31. Rxd3 exd3 32. Qe3 Bb4 33. Rd1
d2 34. Rxd2 1/2-1/2

[Event "MCRE_SF08"]
[Site "?"]
[Date "2006.??.??"]
[Round "1"]
[White "Storkan, Zdenek"]
[Black "Glaser, Karel"]
[Result "1/2-1/2"]
[WhiteElo "2224"]
[BlackElo "2159"]
[PlyCount "70"]
[EventDate "2006.??.??"]
[EventType "corr"]
[EventRounds "2"]
[SourceDate "2006.08.10"]

1. e4 e5 2. Nf3 Nc6 3. Bb5 Nf6 4. O-O Nxe4 5. d4 Nd6 6. Bxc6 dxc6 7. dxe5 Nf5
8. Qxd8+ Kxd8 9. Nc3 Ne7 10. h3 Ng6 11. b3 h6 12. Bb2 Ke8 13. Rad1 Bd7 14. Ne2
Rd8 15. c4 Be7 16. Ng3 Nf4 17. Nd4 Bc8 18. Bc1 Ne6 19. Ndf5 Rxd1 20. Rxd1 h5
21. Nxe7 Kxe7 22. h4 Ke8 23. f3 c5 24. Kf2 a5 25. Bd2 b6 26. Bc3 Nf4 27. Nf1
Ke7 28. g3 Ne6 29. Ne3 Rd8 30. Nd5+ Kf8 31. Rd2 Bb7 32. a4 Rd7 33. Ke3 Bc6 34.
Ke4 g6 35. Ke3 Kg7 1/2-1/2

[Event "MCRE_SF08"]
[Site "?"]
[Date "2006.??.??"]
[Round "2"]
[White "Glaser, Karel"]
[Black "Storkan, Zdenek"]
[Result "0-1"]
[WhiteElo "2159"]
[BlackElo "2224"]
[PlyCount "74"]
[EventDate "2006.??.??"]
[EventType "corr"]
[EventRounds "2"]
[SourceDate "2006.08.10"]

1. e4 c6 2. d4 d5 3. Nc3 dxe4 4. Nxe4 Nd7 5. Nf3 Ngf6 6. Nxf6+ Nxf6 7. Ne5 Be6
8. Be2 g6 9. O-O Bg7 10. c4 O-O 11. Be3 Ne4 12. f4 Nd6 13. b3 Nf5 14. Bf2 Qd6
15. g4 Nh6 16. h3 f6 17. c5 Qc7 18. Nd3 Bd5 19. Bf3 Rad8 20. Bxd5+ Rxd5 21. Qe2
f5 22. Qe6+ Nf7 23. gxf5 Rxf5 24. Rae1 Bf6 25. b4 Kg7 26. a4 Rd8 27. Qc4 Rh5
28. Ne5 Bxe5 29. dxe5 Rxh3 30. Kg2 Rh5 31. Rd1 Nh6 32. Qe6 Nf5 33. Rfe1 Kh6 34.
Kg1 Ng7 35. Qg4 Nf5 36. Qf3 Rxd1 37. Rxd1 Qc8 0-1

[Event "MCRE_SF08"]
[Site "?"]
[Date "2006.??.??"]
[Round "1"]
[White "Storkan, Zdenek"]
[Black "Portych, Vaclav"]
[Result "1-0"]
[WhiteElo "2224"]
[BlackElo "2112"]
[PlyCount "85"]
[EventDate "2006.??.??"]
[EventType "corr"]
[EventRounds "2"]
[SourceDate "2006.08.10"]

1. e4 c5 2. Nf3 Nc6 3. d4 cxd4 4. Nxd4 Nf6 5. Nc3 e5 6. Ndb5 d6 7. Bg5 a6 8.
Na3 b5 9. Bxf6 gxf6 10. Nd5 f5 11. Bd3 Be6 12. O-O Bxd5 13. exd5 Ne7 14. c3 Bg7
15. Nc2 O-O 16. Qh5 e4 17. Be2 Rc8 18. Rad1 Rc5 19. Ne3 f4 20. Nf5 Re8 21. Bg4
Ng6 22. Rfe1 Re5 23. g3 f3 24. h4 Qa8 25. Qg5 f6 26. Qe3 Rcxd5 27. h5 Nf8 28.
h6 Bh8 29. Nxd6 Rd3 30. Qc1 Qd5 31. Rxd3 exd3 32. Rxe5 d2 33. Qd1 fxe5 34. Nf5
Bf6 35. Bxf3 Qxa2 36. Ne3 Qxb2 37. Bd5+ Kh8 38. Nf1 Qa3 39. Nxd2 Ng6 40. Ne4
Qf8 41. Nxf6 Qxf6 42. Ba2 e4 43. Qd5 1-0

[Event "MCRE_SF08"]
[Site "?"]
[Date "2006.??.??"]
[Round "2"]
[White "Portych, Vaclav"]
[Black "Storkan, Zdenek"]
[Result "1/2-1/2"]
[WhiteElo "2112"]
[BlackElo "2224"]
[PlyCount "98"]
[EventDate "2006.??.??"]
[EventType "corr"]
[EventRounds "2"]
[SourceDate "2006.08.10"]

1. c4 Nf6 2. Nc3 g6 3. Nf3 Bg7 4. d4 d5 5. Qb3 dxc4 6. Qxc4 O-O 7. e4 Na6 8.
Be2 c5 9. d5 e6 10. O-O exd5 11. exd5 Bf5 12. Be3 Qb6 13. b3 Rfe8 14. Rad1 Rad8
15. h3 Qa5 16. Rfe1 Nd7 17. Na4 Nb4 18. Bg5 Rc8 19. Bd2 Qd8 20. Bf1 a6 21. Nxc5
Nd3 22. Nxb7 Nxe1 23. Rxe1 Rxc4 24. Nxd8 Rce4 25. Nc6 Rxe1 26. Nxe1 Be4 27.
Bxa6 Bxd5 28. Nb4 Be6 29. Ned3 Bf8 30. Be3 Nf6 31. Nc5 Bf5 32. Ncd3 Bxd3 33.
Nxd3 Ra8 34. Bc4 Rxa2 35. g4 Ne4 36. Ne5 Nd6 37. Bd5 Ra5 38. Nd7 Rb5 39. Nf6+
Kh8 40. Bc4 Nxc4 41. bxc4 Rb8 42. Nd7 Rd8 43. Nxf8 Rxf8 44. c5 Ra8 45. Bf4 Ra6
46. Kg2 Kg7 47. Kg3 Kf6 48. f3 Ke6 49. g5 Kf5 1/2-1/2

[Event "MCRE_SF08"]
[Site "?"]
[Date "2006.??.??"]
[Round "1"]
[White "Storkan, Zdenek"]
[Black "Kosar, Zdenek"]
[Result "1/2-1/2"]
[WhiteElo "2224"]
[BlackElo "2082"]
[PlyCount "83"]
[EventDate "2006.??.??"]
[EventType "corr"]
[EventRounds "2"]
[SourceDate "2006.08.10"]

1. e4 e6 2. d4 d5 3. Nc3 Bb4 4. e5 c5 5. a3 Bxc3+ 6. bxc3 Ne7 7. Qg4 O-O 8. Bd3
Qa5 9. Bd2 Nbc6 10. Nf3 f5 11. exf6 Rxf6 12. Qh5 Nf5 13. dxc5 Qxc5 14. O-O g6
15. Qg5 Rf7 16. c4 dxc4 17. Be4 Ncd4 18. Rfe1 Nxf3+ 19. Bxf3 Nd4 20. Be4 Qe7
21. Rab1 e5 22. Bd5 Be6 23. Qxe5 Qc5 24. Bxe6 Nxe6 25. Qxc5 Nxc5 26. Rb4 Rd7
27. Bc3 Rc8 28. Kf1 Na6 29. Ra4 Kf7 30. Re4 Rc6 31. Rexc4 Rdc7 32. Rf4+ Kg8 33.
Bd4 Rxc2 34. g3 Nc5 35. Bxc5 R2xc5 36. Rxa7 b5 37. Ra5 Rf7 38. Ra8+ Kg7 39.
Rxf7+ Kxf7 40. Ra7+ Kg8 41. Rb7 Rc3 42. Rb8+ 1/2-1/2

[Event "MCRE_SF08"]
[Site "?"]
[Date "2006.??.??"]
[Round "2"]
[White "Kosar, Zdenek"]
[Black "Storkan, Zdenek"]
[Result "1/2-1/2"]
[WhiteElo "2082"]
[BlackElo "2224"]
[PlyCount "88"]
[EventDate "2006.??.??"]
[EventType "corr"]
[EventRounds "2"]
[SourceDate "2006.08.10"]

1. e4 c6 2. d4 d5 3. e5 g6 4. h4 h5 5. Nh3 Na6 6. c3 Nh6 7. Nf4 Nc7 8. Na3 Bg7
9. b3 Bf5 10. Bd3 Qd7 11. Nc2 O-O-O 12. Ne3 Bxd3 13. Qxd3 Kb8 14. g3 Ng4 15. f3
Nxe3 16. Bxe3 Bh6 17. O-O-O e6 18. Kb1 Bf8 19. Nh3 Rc8 20. c4 dxc4 21. bxc4 b5
22. c5 Ka8 23. Nf2 Be7 24. Ne4 Nd5 25. Bg5 Bxg5 26. hxg5 Rb8 27. Rd2 Qc7 28.
Rb2 Qa5 29. Qd2 b4 30. Rb3 Nc3+ 31. Ka1 Nxe4 32. fxe4 Rhd8 33. Rc1 Qb5 34. Rd3
a5 35. d5 cxd5 36. exd5 Rbc8 37. Kb1 Kb7 38. Qd1 Rxc5 39. Rxc5 Qxc5 40. dxe6
Rxd3 41. Qxd3 fxe6 42. Qd7+ Kb6 43. Qxe6+ Qc6 44. Qf6 a4 1/2-1/2

[Event "MCRE_SF08"]
[Site "?"]
[Date "2006.??.??"]
[Round "1"]
[White "Krejci, Jan"]
[Black "Glaser, Karel"]
[Result "0-1"]
[WhiteElo "2200"]
[BlackElo "2159"]
[PlyCount "59"]
[EventDate "2006.??.??"]
[EventType "corr"]
[EventRounds "2"]
[SourceDate "2006.08.10"]

1. e4 e5 2. Nf3 Nc6 3. Bb5 Nf6 4. O-O Nxe4 5. d4 Nd6 6. Bxc6 dxc6 7. dxe5 Nf5
8. Qxd8+ Kxd8 9. Nc3 Ne7 10. Nd4 Ng6 11. f4 Be7 12. Be3 Bd7 13. Rad1 Kc8 14.
Ne4 b6 15. Rd2 Kb7 16. h3 Rae8 17. Rfd1 c5 18. Ne2 Bc6 19. N2c3 f6 20. exf6
Bxf6 21. Nxf6 gxf6 22. Re2 Nh4 23. Nd5 Rhg8 24. g4 Rd8 25. c4 h5 26. Bf2 Nf5
27. Red2 Rdf8 28. Kh2 hxg4 29. Rg1 gxh3 30. Rxg8 {
....bily PCL, kdyz na 30 tahu spotreboval 127 dnu.} 0-1

[Event "MCRE_SF08"]
[Site "?"]
[Date "2006.??.??"]
[Round "2"]
[White "Glaser, Karel"]
[Black "Krejci, Jan"]
[Result "1-0"]
[WhiteElo "2159"]
[BlackElo "2200"]
[PlyCount "49"]
[EventDate "2006.??.??"]
[EventType "corr"]
[EventRounds "2"]
[SourceDate "2006.08.10"]

1. e4 c5 2. Nf3 Nc6 3. d4 cxd4 4. Nxd4 Nf6 5. Nc3 e6 6. Nxc6 bxc6 7. e5 Nd5 8.
Ne4 Qc7 9. f4 Qb6 10. c4 Bb4+ 11. Ke2 f5 12. exf6 Nxf6 13. Be3 Qa5 14. Nxf6+
gxf6 15. a3 Be7 16. Kf2 O-O 17. Bd3 d5 18. Qg4+ Kh8 19. Qh4 Rf7 20. Qh5 Kg8 21.
b4 Qc7 22. cxd5 cxd5 23. Rac1 Qd6 24. g3 e5 25. Rxc8+ 1-0

[Event "MCRE_SF08"]
[Site "?"]
[Date "2006.??.??"]
[Round "1"]
[White "Krejci, Jan"]
[Black "Portych, Vaclav"]
[Result "0-1"]
[WhiteElo "2200"]
[BlackElo "2112"]
[PlyCount "45"]
[EventDate "2006.??.??"]
[EventType "corr"]
[EventRounds "2"]
[SourceDate "2006.08.10"]

1. d4 Nf6 2. c4 e6 3. Nc3 Bb4 4. Qc2 O-O 5. a3 Bxc3+ 6. Qxc3 b6 7. Bg5 Bb7 8.
e3 d6 9. Ne2 Nbd7 10. Qd3 Ba6 11. b4 c5 12. b5 Bb7 13. Nc3 Rc8 14. f3 cxd4 15.
Qxd4 Qc7 16. e4 h6 17. Bxf6 Nxf6 18. Be2 Rfe8 19. O-O d5 20. e5 Nd7 21. f4 Red8
22. Rac1 dxc4 23. Rfd1 {
...bily PCL, kdyz na mene jak 30 tahu spotreboval121 dnu.} 0-1

[Event "MCRE_SF08"]
[Site "?"]
[Date "2006.??.??"]
[Round "2"]
[White "Portych, Vaclav"]
[Black "Krejci, Jan"]
[Result "1-0"]
[WhiteElo "2112"]
[BlackElo "2200"]
[PlyCount "46"]
[EventDate "2006.??.??"]
[EventType "corr"]
[EventRounds "2"]
[SourceDate "2006.08.10"]

1. c4 e5 2. Nc3 Nf6 3. Nf3 Nc6 4. g3 Bb4 5. Bg2 O-O 6. O-O e4 7. Ne1 Bxc3 8.
dxc3 h6 9. Nc2 d6 10. Ne3 Re8 11. Qc2 a5 12. Bd2 Be6 13. Rad1 Qc8 14. Rfe1 Bh3
15. Nd5 Nxd5 16. cxd5 Bxg2 17. Kxg2 Nb8 18. a4 Nd7 19. c4 Nc5 20. Be3 b6 21. f4
Qf5 22. h3 h5 23. Rf1 Rab8 {
...cerny PCL, kdyz na mene jak 30 tahu spotreboval121 dnu.} 1-0

[Event "MCRE_SF08"]
[Site "?"]
[Date "2006.??.??"]
[Round "1"]
[White "Krejci, Jan"]
[Black "Kosar, Zdenek"]
[Result "1/2-1/2"]
[WhiteElo "2200"]
[BlackElo "2082"]
[PlyCount "58"]
[EventDate "2006.??.??"]
[EventType "corr"]
[EventRounds "2"]
[SourceDate "2006.08.10"]

1. e4 c5 2. Nf3 d6 3. d4 cxd4 4. Nxd4 Nf6 5. Nc3 a6 6. Be2 e6 7. O-O Be7 8. f4
O-O 9. Kh1 Qc7 10. a4 Nc6 11. Be3 Nxd4 12. Qxd4 Bd7 13. a5 Bc6 14. Bf3 Rac8 15.
Qd2 Nd7 16. Ne2 d5 17. e5 Nc5 18. b4 Ne4 19. Bxe4 dxe4 20. c4 f6 21. Qb2 fxe5
22. fxe5 Rxf1+ 23. Rxf1 Rf8 24. Rxf8+ Bxf8 25. b5 Be8 26. bxa6 bxa6 27. Qc3 Qb7
28. Bb6 Qf7 29. Bg1 Qd7 1/2-1/2

[Event "MCRE_SF08"]
[Site "?"]
[Date "2006.??.??"]
[Round "2"]
[White "Kosar, Zdenek"]
[Black "Krejci, Jan"]
[Result "1/2-1/2"]
[WhiteElo "2082"]
[BlackElo "2200"]
[PlyCount "57"]
[EventDate "2006.??.??"]
[EventType "corr"]
[EventRounds "2"]
[SourceDate "2006.08.10"]

1. e4 e5 2. Nf3 Nc6 3. d4 exd4 4. Bc4 Nf6 5. e5 d5 6. Bb5 Ne4 7. Nxd4 Bd7 8.
Bxc6 bxc6 9. O-O Bc5 10. Be3 Bb6 11. Nd2 Nxd2 12. Qxd2 O-O 13. Nb3 f6 14. exf6
Qxf6 15. Nc5 Bf5 16. c3 Qg6 17. f3 Rae8 18. Bd4 Re7 19. Rae1 Rfe8 20. Rxe7 Rxe7
21. b4 Qe8 22. Kf2 g6 23. a4 a5 24. bxa5 Bxa5 25. Nb3 Bb6 26. a5 Bxd4+ 27. cxd4
Qa8 28. Nc5 h5 29. a6 1/2-1/2

[Event "MCRE_SF08"]
[Site "?"]
[Date "2006.??.??"]
[Round "1"]
[White "Glaser, Karel"]
[Black "Portych, Vaclav"]
[Result "0-1"]
[WhiteElo "2159"]
[BlackElo "2112"]
[PlyCount "55"]
[EventDate "2006.??.??"]
[EventType "corr"]
[EventRounds "2"]
[SourceDate "2006.08.10"]

1. e4 c5 2. Nf3 Nc6 3. d4 cxd4 4. Nxd4 Nf6 5. Nc3 e5 6. Ndb5 d6 7. Bg5 a6 8.
Na3 b5 9. Bxf6 gxf6 10. Nd5 f5 11. Bd3 Be6 12. O-O Bxd5 13. exd5 Ne7 14. Nxb5
Bg7 15. Nc3 e4 16. Be2 Rb8 17. Na4 Ng6 18. c3 Qg5 19. Kh1 Be5 20. g3 h5 21. Qc1
f4 22. Rg1 e3 23. Rg2 Qf6 24. fxe3 fxg3 25. Qf1 Qg5 26. Qe1 Nh4 27. Rxg3 Bxg3
28. Qxg3 0-1

[Event "MCRE_SF08"]
[Site "?"]
[Date "2006.??.??"]
[Round "2"]
[White "Portych, Vaclav"]
[Black "Glaser, Karel"]
[Result "0-1"]
[WhiteElo "2112"]
[BlackElo "2159"]
[PlyCount "58"]
[EventDate "2006.??.??"]
[EventType "corr"]
[EventRounds "2"]
[SourceDate "2006.08.10"]

1. c4 Nf6 2. Nc3 e6 3. d4 d5 4. Nf3 c6 5. e3 Nbd7 6. Bd3 dxc4 7. Bxc4 b5 8. Bd3
Bb7 9. O-O a6 10. e4 c5 11. d5 Qc7 12. dxe6 fxe6 13. Bc2 Bd6 14. Ng5 Nf8 15. f4
h6 16. Nh3 e5 17. Nd5 Nxd5 18. exd5 O-O-O 19. Qe1 Bxd5 20. Be4 Qc6 21. Bxd5
Qxd5 22. Qa5 Qc6 23. Qc3 c4 24. Kh1 Nd7 25. b3 Rhf8 26. Be3 exf4 27. Bxf4 Bxf4
28. Nxf4 Qf6 29. Qc1 Ne5 0-1

[Event "MCRE_SF08"]
[Site "?"]
[Date "2006.??.??"]
[Round "1"]
[White "Glaser, Karel"]
[Black "Kosar, Zdenek"]
[Result "0-1"]
[WhiteElo "2159"]
[BlackElo "2082"]
[PlyCount "92"]
[EventDate "2006.??.??"]
[EventType "corr"]
[EventRounds "2"]
[SourceDate "2006.08.10"]

1. e4 c5 2. Nf3 Nc6 3. d4 cxd4 4. Nxd4 Nf6 5. Nc3 e5 6. Ndb5 d6 7. Bg5 a6 8.
Na3 b5 9. Bxf6 gxf6 10. Nd5 Bg7 11. c3 f5 12. Bd3 Ne7 13. Nxe7 Qxe7 14. Nc2 Rb8
15. exf5 e4 16. Be2 O-O 17. Ne3 Bb7 18. O-O Rfd8 19. Qb3 d5 20. a3 Bf8 21. Rad1
Qe5 22. Kh1 Kh8 23. Qc2 Bc5 24. Ng4 Qd6 25. Qd2 f6 26. Qh6 Qf8 27. Qh5 Qe7 28.
Nh6 Rf8 29. f3 Qg7 30. fxe4 dxe4 31. b4 Bb6 32. Rd6 Bc7 33. Re6 Be5 34. c4 bxc4
35. Bxc4 e3 36. Ng4 Rbc8 37. Be2 Rc2 38. Bf3 Bxf3 39. gxf3 Rg8 40. Rxe5 fxe5
41. f6 Qc7 42. f7 Rf8 43. Rg1 Rc1 44. Rxc1 Qxc1+ 45. Kg2 Qb2+ 46. Kh3 e4 0-1

[Event "MCRE_SF08"]
[Site "?"]
[Date "2006.??.??"]
[Round "2"]
[White "Kosar, Zdenek"]
[Black "Glaser, Karel"]
[Result "1-0"]
[WhiteElo "2082"]
[BlackElo "2159"]
[PlyCount "39"]
[EventDate "2006.??.??"]
[EventType "corr"]
[EventRounds "2"]
[SourceDate "2006.08.10"]

1. d4 Nf6 2. c4 e6 3. Nc3 d5 4. Nf3 c6 5. Bg5 h6 6. Bh4 dxc4 7. e4 g5 8. Bg3 b5
9. Be2 Bb7 10. h4 b4 11. hxg5 bxc3 12. gxf6 cxb2 13. Rb1 Qa5+ 14. Nd2 c3 15.
O-O Qxa2 16. Nc4 Nd7 17. Qc2 Bb4 18. Nxb2 cxb2 19. Rxb2 Qa3 20. Rb3 1-0

[Event "MCRE_SF08"]
[Site "?"]
[Date "2006.??.??"]
[Round "1"]
[White "Portych, Vaclav"]
[Black "Kosar, Zdenek"]
[Result "1-0"]
[WhiteElo "2112"]
[BlackElo "2082"]
[PlyCount "59"]
[EventDate "2006.??.??"]
[EventType "corr"]
[EventRounds "2"]
[SourceDate "2006.08.10"]

1. c4 Nf6 2. Nc3 e6 3. Nf3 d5 4. d4 c6 5. e3 a6 6. b3 Nbd7 7. Qc2 c5 8. cxd5
exd5 9. Bd3 b5 10. O-O Bb7 11. dxc5 Bxc5 12. Bf5 O-O 13. Bb2 Bd6 14. Rac1 Qe7
15. Ne2 Ne4 16. a3 g6 17. Bxd7 Qxd7 18. Qd3 f6 19. Nf4 Nc5 20. Qd1 Ne6 21. Nxe6
Qxe6 22. Qd4 Rac8 23. h3 Be7 24. Rfd1 Rxc1 25. Rxc1 Rc8 26. Rxc8+ Bxc8 27. Bc3
h6 28. Bb4 Bd6 29. Bxd6 Qxd6 30. b4 1-0

[Event "MCRE_SF08"]
[Site "?"]
[Date "2006.??.??"]
[Round "2"]
[White "Kosar, Zdenek"]
[Black "Portych, Vaclav"]
[Result "0-1"]
[WhiteElo "2082"]
[BlackElo "2112"]
[PlyCount "54"]
[EventDate "2006.??.??"]
[EventType "corr"]
[EventRounds "2"]
[SourceDate "2006.08.10"]

1. Nc3 c5 2. e4 Nc6 3. Nf3 d6 4. Bb5 Bd7 5. a3 g6 6. h3 Bg7 7. O-O Nf6 8. Re1
O-O 9. d3 a6 10. Bc4 b5 11. Ba2 Rc8 12. Be3 e6 13. Qd2 Qc7 14. Ne2 a5 15. Bg5
Nh5 16. c3 f6 17. Be3 Ne5 18. Nxe5 fxe5 19. b4 axb4 20. axb4 cxb4 21. cxb4 Qc2
22. Bb1 Qxd2 23. Bxd2 Nf6 24. Ra5 Rc7 25. Rc1 Rxc1+ 26. Nxc1 Rc8 27. Ra7 Kf8
0-1